Indalianas (Registro nro. 171462)

Detalles MARC
000 -LEADER
campo de control de longitud fija 00412nam a22001455i 4500
001 - NÚMERO DE CONTROL
campo de control 171462
003 - IDENTIFICADOR DE NÚMERO DE CONTROL
campo de control ES-MaACL
005 - FECHA Y HORA DE LA ÚLTIMA TRANSACCIÓN
campo de control 20230906214635.0
008 - DATOS DE LONGITUD FIJA--INFORMACIÓN GENERAL
campo de control de longitud fija 090518s1970 sp |||| | spa d
100 1# - ENTRADA PRINCIPAL--NOMBRE DE PERSONA
Nombre de persona Sola, Mariano.
9 (RLIN) 140183
245 10 - MENCIÓN DEL TÍTULO
Título Indalianas
Resto del título : [hombres y paisajes] /
Mención de responsabilidad, etc. Mariano Sola.
260 ## - PUBLICACIÓN, DISTRIBUCIÓN, ETC.
Lugar de publicación, distribución, etc. [Madrid :
Nombre del editor, distribuidor, etc. Castillo,
Fecha de publicación, distribución, etc. 1970]
300 ## - DESCRIPCIÓN FÍSICA
Extensión 202 p. ;
Dimensiones 22 cm.
852 ## - LOCALIZACIÓN
Ubicación ES-MaACL
Número de control de estantería C-44751
itemnumber R.74536
Existencias
Estatus retirado Estado de pérdida Estado de daño No para préstamo Biblioteca de origen Biblioteca actual Ubicación en estantería Fecha de adquisición Fuente de adquisición Total de préstamos Signatura topográfica completa Código de barras Visto por última vez Precio de reemplazo Tipo de ítem Koha
        Biblioteca del Ateneo de Madrid Biblioteca del Ateneo de Madrid Depósito 2 18/05/2009     C-44751 1179938 23/02/2023 23/02/2023 Libro impreso